|
|
|
|
| LEADER |
00000nam a2200000 4500 |
| 008 |
191112b2009 cr ||||| |||| 00| | spa d |
| 999 |
|
|
|c 3803
|d 3803
|
| 020 |
|
|
|a 9789968818810
|
| 090 |
|
|
|a 06.03.06
|b 423
|
| 100 |
1 |
|
|9 2977
|a Rosales Pineda, Marta
|
| 245 |
|
|
|a Del concepto a la expresión: una propuesta multidisciplinaria para la educación artística /
|c Marta Rosales Pineda; Marta Eugenia Valle; Tatiana de la Ossa Osegueda
|
| 250 |
|
|
|a 2 edición
|
| 260 |
|
|
|a San José, Costa Rica:
|b Coordinación Educativa y Cultural Centroamericana,
|c 2009
|
| 300 |
|
|
|a 177 páginas
|
| 490 |
|
|
|a Colección pedagógica formación inicial de docentes centroamericanos de educación primaria o básica,
|v 34
|
| 650 |
1 |
4 |
|9 367
|a EDUCACIÓN PRIMARIA
|
| 650 |
1 |
4 |
|9 421
|a ARTE
|
| 650 |
1 |
4 |
|9 14
|a ENSEÑANZA
|
| 700 |
1 |
4 |
|9 2975
|a Valle, Marta Eugenia
|
| 700 |
1 |
4 |
|9 2976
|a De la Ossa Osegueda, Tatiana
|
| 942 |
|
|
|i 002920
|h 06.03.06 423
|2 z
|c 01
|